000 00878nas a2200289 4500
001 BR0603117
003 BR-BrBNA
005 20231205110133.0
007 ta
008 230509b bl.|||p| |||| 00| 00por d
040 _aBR-BrBNA
_bpor
_cBiblioteca Nacional de Agricultura
041 _a(En)
072 _aL73
100 1 _aAptekmann, K.P.
100 1 _aOkamoto, C.E.
100 1 _aCampos, K.C.H.
100 1 _aTakihira, R.K.
245 1 _aMulticentric lymphoma with metastasis in the central nervous system in a dog
650 _aCÃO
650 _aLINFOMA
650 _aSISTEMA NERVOSO
650 _aDIAGNÓSTICO
650 _aHISTOQUÍMICA ANIMAL
773 0 _tArquivo Brasileiro de Medicina Veterinária e Zootecnia (Brazil)
_xISSN 0102-0935
_g(Jun 2005), v. 57(3) p. 307-311
_wBR0603117
909 _a202311
_bLúcia
_c55
_dLúcia Elande
942 _2AGRIS
_n0
_cANA
999 _c186317
_d186317